| 000 | 00710nam a2200241 4500 | ||
|---|---|---|---|
| 001 | 73605 | ||
| 003 | BD-RjUL | ||
| 005 | 20211209082422.0 | ||
| 008 | 170604s1954 nyua 001 0 eng d | ||
| 035 | _a(BD-RjUL)73823 | ||
| 040 |
_aWSU _cWSU _dm.c. _dBD-RjUL _beng |
||
| 041 | _aeng | ||
| 082 |
_223 _a338.1 _bGES 1954 |
||
| 100 | 1 |
_aGee, Wilson, _d1888- _9217823 |
|
| 245 | 1 | 4 |
_aThe social economics of agriculture / _cWilson Gee |
| 250 | _a3d ed | ||
| 260 |
_aNew York : _bMacmillan, _c1954 |
||
| 300 |
_ax, 616 p : _bill. ; _c 23 cm |
||
| 500 | _aIncludes Indexes | ||
| 650 | 0 |
_aAgriculture _xEconomic aspects _zUnited States _9217824 |
|
| 651 | 0 |
_aUnited States _xRural conditions _9217825 |
|
| 942 |
_2ddc _cBK |
||
| 999 |
_c73605 _d73605 |
||